5HLuxD.jpg

KING HENRY VIII SENIOR AND PRIMARY SCHOOL LIBRARY OPAC

Songs of ourselves. (Record no. 2883)

000 -LEADER
fixed length control field 00944pam a2200301 i 4500
001 - CONTROL NUMBER
control field 021262329
003 - CONTROL NUMBER IDENTIFIER
control field UkOxU
005 - DATE AND TIME OF LATEST TRANSACTION
control field 20230908133656.0
008 - FIXED-LENGTH DATA ELEMENTS--GENERAL INFORMATION
fixed length control field 180323s2018 enk 000 p eng d
015 ## - NATIONAL BIBLIOGRAPHY NUMBER
National bibliography number GBB865702
Source bnb
016 7# - NATIONAL BIBLIOGRAPHIC AGENCY CONTROL NUMBER
Record control number 018828503
Source Uk
020 ## - INTERNATIONAL STANDARD BOOK NUMBER
International Standard Book Number 9781108462266
Qualifying information paperback
035 ## - SYSTEM CONTROL NUMBER
System control number (Uk)018828503
040 ## - CATALOGING SOURCE
Original cataloging agency StDuBDS
Language of cataloging eng
Description conventions rda
Transcribing agency StDuBDS
Modifying agency Uk
-- KH8
042 ## - AUTHENTICATION CODE
Authentication code ukblsr
082 04 - DEWEY DECIMAL CLASSIFICATION NUMBER
Classification number 821.008 CAM
Edition number 23
130 ## - MAIN ENTRY--UNIFORM TITLE
Uniform title Songs of ourselves
245 00 - TITLE STATEMENT
Title Songs of ourselves.
Number of part/section of a work Volume 1,
Remainder of title Cambridge assessment international education anthology of poetry in English.
250 ## - EDITION STATEMENT
Edition statement New edition.
264 #1 - PRODUCTION, PUBLICATION, DISTRIBUTION, MANUFACTURE, AND COPYRIGHT NOTICE
Place of production, publication, distribution, manufacture Cambridge :
Name of producer, publisher, distributor, manufacturer Cambridge University Press,
Date of production, publication, distribution, manufacture, or copyright notice 2018.
300 ## - PHYSICAL DESCRIPTION
Extent xvi, 252 pages ;
Dimensions 25 cm
336 ## - CONTENT TYPE
Content type term text
Source rdacontent
337 ## - MEDIA TYPE
Media type term unmediated
Source rdamedia
338 ## - CARRIER TYPE
Carrier type term volume
Source rdacarrier
650 #0 - SUBJECT ADDED ENTRY--TOPICAL TERM
Topical term or geographic name entry element English poetry.
710 2# - ADDED ENTRY--CORPORATE NAME
Corporate name or jurisdiction name as entry element Cambridge Assessment International Education (Organisation)
942 ## - ADDED ENTRY ELEMENTS (KOHA)
Source of classification or shelving scheme
Koha item type Teaching Resources
Holdings
Withdrawn status Lost status Source of classification or shelving scheme Damaged status Not for loan Collection code Permanent Location Current Location Shelving location Date acquired Full call number Barcode Date last seen Price effective from Koha item type Total Checkouts Date due Date last checked out
          Teaching Resources KH8 Senior School Library KH8 Senior School Library Staff Office 2023-09-08 821.008 CAM TRKHSL002556 2023-09-08 2023-09-08 Teaching Resources      
          Teaching Resources KH8 Senior School Library KH8 Senior School Library Staff Office 2023-09-08 821.008 CAM TRKHSL002557 2023-09-08 2023-09-08 Teaching Resources      
          Teaching Resources KH8 Senior School Library KH8 Senior School Library Staff Office 2023-09-08 821.008 CAM TRKHSL002558 2023-09-08 2023-09-08 Teaching Resources      
          Teaching Resources KH8 Senior School Library KH8 Senior School Library Staff Office 2023-09-08 821.008 CAM TRKHSL002559 2023-09-08 2023-09-08 Teaching Resources      
          Teaching Resources KH8 Senior School Library KH8 Senior School Library Staff Office 2023-09-08 821.008 CAM TRKHSL002560 2025-10-02 2023-09-08 Teaching Resources 1 2026-07-03 2025-10-02
          Teaching Resources KH8 Senior School Library KH8 Senior School Library Staff Office 2023-09-08 821.008 CAM TRKHSL002561 2023-09-08 2023-09-08 Teaching Resources      
          Teaching Resources KH8 Senior School Library KH8 Senior School Library Staff Office 2024-11-27 821.008 CAM TRKHSL006201 2024-11-27 2024-11-27 Teaching Resources      

Powered By KH8 IT Dept